Longs Métrages Ghibli - Statistiques

Statistiques générales
  • Ce quiz a été pris 14 fois
    6 depuis la dernière actualisation
  • Le résultat moyen est 19 sur 26
Statistiques - réponses
Année Réponse % Correct
1989 Kiki la petite sorcière
100%
2011 La Colline aux coquelicots
100%
2004 Le Château ambulant
100%
1986 Le Château dans le ciel
100%
2023 Le Garçon et le Héron
100%
1988 Le Tombeau des lucioles
100%
1988 Mon voisin Totoro
100%
2008 Ponyo sur la falaise
100%
1997 Princesse Mononoké
100%
2020 Aya et la sorcière
80%
2002 Le Royaume des chats
80%
2013 Le vent se lève
80%
2001 Le Voyage de Chihiro
80%
1984 Nausicaä de la Vallée du vent
80%
1992 Porco Rosso
80%
1995 Si tu tends l'oreille
80%
2010 Arrietty, le petit monde des chapardeurs
60%
1993 Je peux entendre l'océan
60%
1994 Pompoko
60%
2016 La Tortue rouge
40%
2013 Le Conte de la princesse Kaguya
40%
2006 Les contes de Terremer
40%
1999 Mes voisins les Yamada
40%
2014 Souvenirs de Marnie
40%
1991 Souvenirs goutte à goutte
40%
2026 L'étoile de Paris en fleur
0%
Aucun quiz correspondant
Distribution des résultats
% des personnes avec chaque résultat
Percentile par nombre de réponses
Votre historique - résultats
Vous n’avez pas pris ce quiz depuis la dernière actualisation